The processor influence on system performance : Bakalárska práca

Salvato in:
Dettagli Bibliografici
Autore principale: Maar, Vlastimil (Autore)
Altri autori: Tanuška, Pavol, 1966- (xxx)
Natura: Manoscritto Libro
Lingua:slovacco
inglese
Pubblicazione: Trnava : STU v Bratislave MtF KAIA, 2003
Soggetti:
Tags: Aggiungi Tag
Nessun Tag, puoi essere il primo ad aggiungerne!!

MARC

LEADER 00000ntm a22000003a 4500
001 stu83044
005 20160719154832.6
008 040109s2003----xo------------------slo-d
040 |a STU  |b slo 
041 0 |a slo  |a eng 
044 |a xo 
100 1 |a Maar, Vlastimil  |4 aut 
245 1 |a The processor influence on system performance :  |b Bakalárska práca 
260 |a Trnava :  |b STU v Bratislave MtF KAIA,  |c 2003 
300 |a 53 s  |c príl 
650 7 |a aplikovaná informatika a informačné systémy  |2 stusub 
650 7 |a výkon systému  |2 stusub 
700 1 |a Tanuška, Pavol,  |d 1966-  |4 xxx  |u M6000  |U MTF Materiálovotechnologická fakulta  |T MTF Ústav aplikovanej informatiky, automatizácie a matematiky  |X 248  |U M6000  |Y 86  |7 A000000248 
996 |b 284M054727  |c M*BP-127  |l MMSKP  |s P  |a 0  |w stu83044_0001